00805nac a22002171u 4500010001700000020001500017082001800032090001500050100003400065245008900099260006100188300004900249500002000298500002600318511002500344650004100369700002000410942002000430999001500450952012200465 a 2006050160 a141801340400a629.2872bHAE c8094d8094 aHaefner, Ron. 10aAutomotive technology for general service technicians /cRon Haefner, Paul Leathers. aClifton Park, NY :bThomson/Delmar Learning,2008cc2008. axxi, 952 p. :bill. (chiefly col.) ;c29 cm. aIncludes index. adistributer: Al-Ahram acatalogued by: wesam 0aAutomobilesxMaintenance and repair.1 aLeathers, Paul. cBBk629.2872HAE c8094d8094 00104070aMAINbMAINc1STd2008-02-21ePurchasel7m43o629.2872HAEp000009896r2025-07-15 00:00:00s2023-11-15yBB